| 000 | 01037nam a2200301Ia 4500 | ||
|---|---|---|---|
| 001 | Para_7640 | ||
| 003 | CHAP | ||
| 008 | 220125s1978 xx 000 0 und d | ||
| 010 | _a206534 | ||
| 040 | _cCHAP | ||
| 082 | _aPA 632.7063 S5 1978 | ||
| 111 |
_aSimposio Nacional de Parasitología Agrícola (6 : 1978 : Monterrey, N.L.) _9106346 |
||
| 245 |
_aMemoria / _c por Ingenieros Agrónomos Parasitólogos, A. C. |
||
| 260 |
_aMonterrey, N.L. : _b Ingenieros Agrónomos Parasitólogos. A. C. |
||
| 300 | _a525 p. | ||
| 500 | _aIncluye : Muestra Nacional de Agroquímica y otros insumos | ||
| 650 |
_aAgricultura _x plagas _x congresos _9164527 |
||
| 650 |
_aEducación agrícola _x congresos _935504 |
||
| 650 |
_aParasitología _x estudio y enseñanza _985471 |
||
| 710 |
_aIngenieros Agrónomos Parasitólogos _9165223 |
||
| 901 | _aPA 632.7063 S5 1978 | ||
| 902 | _aA | ||
| 905 | _a0000001978 0000000000 00 | ||
| 910 | _a1978 | ||
| 942 | _cPARA | ||
| 942 |
_cPARA _d1 |
||
| 999 |
_c206534 _d206534 |
||